Statistics for Germany War History

Click here to take the quiz!

General Stats

  • This quiz has been taken 43 times
  • The average score is 39 of 77

Answer Stats

Answer% Correct
1Austria
95%
2Austria
95%
2France
95%
2France
95%
1United Kingdom
95%
2United Kingdom
95%
4United Kingdom
95%
2Belgium
93%
1Russia
93%
1Russia
93%
1Russia
93%
1United States
93%
2United States
93%
1Italy
90%
3Netherlands
90%
2Poland
88%
2Poland
88%
1Poland
88%
2Spain
85%
1Spain
85%
3Denmark
83%
1Norway
78%
1Sweden
78%
1Sweden
78%
1Japan
75%
1Luxembourg
75%
1Portugal
73%
1Portugal
73%
2Australia
70%
2China
70%
1China
70%
1Soviet Union
70%
1Soviet Union
70%
2Canada
68%
2Greece
68%
2India
68%
2New Zealand
65%
2Brazil
58%
1Serbia
55%
1Yugoslavia
55%
1Yugoslavia
55%
1Mexico
53%
1Iraq
48%
1Romania
48%
2South Africa
43%
1Prussia
40%
1Prussia
40%
1Afghanistan
35%
3Germany
33%
3Germany
33%
1Montenegro
28%
1Syria
25%
1Thailand
25%
1Liechtenstein
23%
1Liechtenstein
23%
1Philippines
20%
1Colombia
18%
1Cuba
18%
1Mongolia
13%
1Saxony
13%
1Ethiopia
10%
2Nepal
8%
1Venezuela
8%
1Mali
5%
1Micronesia
5%
1Naples
5%
8Native Africans
5%
2Samoa
5%
1Sardinia
3%
1Sardinia
3%
2Sicily
3%
1Sicily
3%
4German States
0%
15German States
0%
1Native Arabs
0%
4Native Arabs
0%
1Srpska
0%

Score Distribution

Percentile by Number Answered

Percent of People with Each Score

Your Score History

You have not taken this quiz